000 00388nam a22001457a 4500
020 _qPB.
040 _cFIZZA ISHAQ
082 _a813.4
_bLAW
100 _a Teacher , Lawrence.
_9133827
245 _aThe Unabridged Mark Twain /
_cLawrence Teacher.
250 _aVol :II
260 _aNew Jersey:
_bRunning Press,
_c1979.
300 _a1118 p. ;
_c 8.7 x 5.8 x 3 inches
942 _2ddc
_cBK
999 _c616800
_d616800